header

Unseen worlds (Record no. 247174)

MARC details
000 -LEADER
fixed length control field 01179nam a2200301Ia 4500
082 04 - DEWEY DECIMAL CLASSIFICATION NUMBER
Classification number 154.3083
100 1# - MAIN ENTRY--AUTHOR NAME
Personal name Adams, Kate.
245 10 - TITLE STATEMENT
Title Unseen worlds
260 ## - PUBLICATION, DISTRIBUTION, ETC. (IMPRINT)
Place of publication London ;
-- Philadelphia :
Name of publisher Jessica Kingsley Publishers,
Year of publication 2010.
300 ## - PHYSICAL DESCRIPTION
Number of Pages 176p.
650 #0 - SUBJECT ADDED ENTRY--TOPICAL TERM
Topical Term Fantasy in children.
Topical Term Imagination in children.
856 40 - ELECTRONIC LOCATION AND ACCESS
Uniform Resource Identifier http://site.ebrary.com/lib/rucke/Doc?id=10446997

No items available.

© 2026 Rongo University
Contact us: librarian | system librarian | Rongo university